Monitoring and evaluation of the National Anti-Corruption Plan : sector assessment at operational level report / (Record no. 791)

MARC details
000 -LEADER
fixed length control field 01181cam a22003254a 4500
001 - CONTROL NUMBER
control field 16172405
003 - CONTROL NUMBER IDENTIFIER
control field OSt
005 - DATE AND TIME OF LATEST TRANSACTION
control field 20230607095747.0
008 - FIXED-LENGTH DATA ELEMENTS--GENERAL INFORMATION
fixed length control field 100406s2009 ke a b f000 0 eng
010 ## - LIBRARY OF CONGRESS CONTROL NUMBER
LC control number 2010305186
040 ## - CATALOGING SOURCE
Original cataloging agency DLC
Transcribing agency DLC
042 ## - AUTHENTICATION CODE
Authentication code lcode
043 ## - GEOGRAPHIC AREA CODE
Geographic area code f-ke---
050 00 - LIBRARY OF CONGRESS CALL NUMBER
Classification number JQ2947.A56
Item number C6525 2009
082 ## - DEWEY DECIMAL CLASSIFICATION NUMBER
Classification number 364.132
Item number KIF
245 00 - TITLE STATEMENT
Title Monitoring and evaluation of the National Anti-Corruption Plan : sector assessment at operational level report /
Statement of responsibility, etc. Kenya Integrity Forum.
246 17 - VARYING FORM OF TITLE
Title proper/short title NACP monitoring & evaluation
246 3# - VARYING FORM OF TITLE
Title proper/short title NACP monitoring and evaluation
260 ## - PUBLICATION, DISTRIBUTION, ETC. (IMPRINT)
Place of publication, distribution, etc. Nairobi :
Name of publisher, distributor, etc. Kenya Integrity Forum,
Date of publication, distribution, etc. 2009.
300 ## - PHYSICAL DESCRIPTION
Extent xiv, 71 p. :
Other physical details col. ill. ;
Dimensions 25 cm.
504 ## - BIBLIOGRAPHY, ETC. NOTE
Bibliography, etc Includes bibliographical references (p. 70-71).
650 #0 - SUBJECT ADDED ENTRY--TOPICAL TERM
Topical term or geographic name as entry element Political corruption
Geographic subdivision Kenya
General subdivision Public opinion.
650 #0 - SUBJECT ADDED ENTRY--TOPICAL TERM
Topical term or geographic name as entry element Political corruption
General subdivision Prevention
Geographic subdivision Kenya.
650 #0 - SUBJECT ADDED ENTRY--TOPICAL TERM
Topical term or geographic name as entry element Political corruption
General subdivision Government policy
Geographic subdivision Kenya.
650 #0 - SUBJECT ADDED ENTRY--TOPICAL TERM
Topical term or geographic name as entry element Public opinion
Geographic subdivision Kenya.
710 2# - ADDED ENTRY--CORPORATE NAME
Corporate name or jurisdiction name as entry element Kenya Integrity Forum.
906 ## - LOCAL DATA ELEMENT F, LDF (RLIN)
a 7
b cbc
c origode
d 3
e ncip
f 20
g y-gencatlg
942 ## - ADDED ENTRY ELEMENTS (KOHA)
Source of classification or shelving scheme Dewey Decimal Classification
Koha item type Books
Holdings
Withdrawn status Lost status Source of classification or shelving scheme Damaged status Not for loan Home library Current library Date acquired Total Checkouts Full call number Barcode Date last seen Price effective from Koha item type
    Dewey Decimal Classification     Bunge Tower Library Bunge Tower Library 06/07/2023   364.132 KIF 10015062 06/07/2023 06/07/2023 Books
    Dewey Decimal Classification     Bunge Tower Library Bunge Tower Library 06/07/2023   364.132 KIF 10015067 06/07/2023 06/07/2023 Books
    Dewey Decimal Classification     Bunge Tower Library Bunge Tower Library 06/07/2023   364.132 KIF 10015068 06/07/2023 06/07/2023 Books
    Dewey Decimal Classification     Bunge Tower Library Bunge Tower Library 06/07/2023   364.132 KIF 10015069 06/07/2023 06/07/2023 Books
    Dewey Decimal Classification     Bunge Tower Library Bunge Tower Library 06/07/2023   364.132 KIF 10015070 06/07/2023 06/07/2023 Books
    Dewey Decimal Classification     Bunge Tower Library Bunge Tower Library 06/07/2023   364.132 KIF 10015065 06/07/2023 06/07/2023 Books
    Dewey Decimal Classification     Bunge Tower Library Bunge Tower Library 06/07/2023   364.132 KIF 10015064 06/07/2023 06/07/2023 Books
    Dewey Decimal Classification     Bunge Tower Library Bunge Tower Library 06/07/2023   364.132 KIF 10015063 06/07/2023 06/07/2023 Books
LIBRARY OPENING HOURS

When the Parliament is sitting: 8.00a.m - 7.00p.m or until the house adjourns
Mondays and Fridays and when the House is on Recess:  8.00a.m - 5.00p.m
Closed on Weekends and Public Holidays

Online Public Access Catalog (OPAC)
Website: http://www.parliament.go.ke
Bunge Library: https://libraryir.parliament.go.ke
Contact: library@parliament.go.ke | Tel no: (254-2)2221291 or 2848000 Ext 5043